banner-ar

Designing the world's best : (Record no. 60771)

MARC details
000 -الفاتح
حقل البيانات ثابتة الطول 00837nam a22002417a 4500
005 - وقت وتاريخ اخر تعامل مع التسجيلة
رقم الضبط 20240530110427.0
008 - عناصر البيانات ثابتة الطول - معلومات عامة
حقل البيانات ثابتة الطول 150325s2012 at a f 000 0 eng d
022 ## - الرقم الدولى المعيارى للدوريات
المصدر 9781864703399
040 ## - مصدر الفهرسة
وكالة الفهرسة الأصلية EG-CaGPL
وكالة النسخ EG-CaGPL
082 04 - رقم تصنيف ديوى العشرى
رقم الطبعة 21
رقم التصنيف 725.57\
رقم المادة K D
100 1# - المدخل الرئيسى - إسم شخصى
الإسم الشخصى Komiske, Bruce King
245 10 - بيان العنوان
العنوان Designing the world's best :
بقية العنوان children's hospitals. 3, the future of healing environments /​
بيان المسئوليه,etc Bruce King Komiske
250 ## - بيان الطبعة
بيان الطبعة 3rd ed.
260 ## - PUBLICATION, DISTRIBUTION, ETC. (IMPRINT)
تاريخ النشر أو التوزيع 2012.
300 ## - الوصف المادى
التعداد 224 p. :
تفاصيل ماديه اخرى للوعاء col. ill. ;
أبعاد الوعاء 31 cm.
650 0# - المدخل الاضافى بالموضوع-مصطلح موضوعى
مصطلح موضوعي Hospital buildings
التقسيم الفرعي العام Design and construction.
650 0# - المدخل الاضافى بالموضوع-مصطلح موضوعى
مصطلح موضوعي Children
التقسيم الفرعي العام Hospitals
-- Pictorial works.
650 0# - المدخل الاضافى بالموضوع-مصطلح موضوعى
مصطلح موضوعي Hospital architecture.
650 0# - المدخل الاضافى بالموضوع-مصطلح موضوعى
مصطلح موضوعي Hospitals
التقسيم الفرعي العام Design and construction
-- Pictorial works
942 ## - عناصر المدخل الإضافي( كوها)
مصدر التصنيف او مخطط الترفيف Dewey Decimal Classification
Koha [default] item type كتاب
260 ## - PUBLICATION, DISTRIBUTION, ETC. (IMPRINT)
-- Australia :
-- Victoria Images Publishing,
Holdings
حالة التراجع حالة الفقد مصدر التصنيف او خطة الترفيف حالة تلف ليس للاعارة المكان المؤقت الموقع الحالى تاريخ الاكتساب اجمالي اﻻعارات رقم الطلب الباركود تاريخ اخر مشاهدة تاريخ تفعيل السعر نوع وعاء كوها
    ddc     مكتبة القاهرة الكبرى مكتبة القاهرة الكبرى 03/25/2015   725.57\ K D 159889 03/25/2015 03/25/2015 كتاب

Powered By

EGPV